| 000 | 00500nam a22001817a 4500 | ||
|---|---|---|---|
| 001 | Move Up control field | ||
| 003 | OSt | ||
| 005 | 20140425102011.0 | ||
| 008 | 140425b xxu||||| |||| 00| 0 eng d | ||
| 020 | _a9781848108554 | ||
| 050 |
_aAG 243 _b.D631 2012 |
||
| 100 | _aGallagher, Belinda | ||
| 245 |
_aDiscover the Awesome World / _cBelinda Gallagher. |
||
| 260 |
_aU.K : _bMiles Kelly Publshing, _c2012. |
||
| 300 |
_a224 p. : _bcol. ill. ; _c32 cm. |
||
| 942 |
_2lcc _cBK |
||
| 999 |
_c115491 _d115491 |
||